书目信息 |
| 题名: |
单片机实用教程
|
|
| 作者: | 李勋 编著 | |
| 分册: | ||
| 出版信息: | 北京 北京航空学院出版社 2000.06 |
|
| 页数: | 192页 | |
| 开本: | 26cm | |
| 丛书名: | ||
| 单 册: | ||
| 中图分类: | TP368.1 | |
| 科图分类: | ||
| 主题词: | 微型计算机 | |
| 电子资源: | ||
| ISBN: | 7-81012-983-X | |
| 000 | 00542nam0 2200193 45 | |
| 001 | 0439183849 | |
| 005 | 2004051210530252 | |
| 010 | @a7-81012-983-X@dCNY 17.50 | |
| 100 | @a20040512d2000 km y0chiy0120 ea | |
| 101 | 0 | @achi |
| 102 | @aCN@b110000 | |
| 200 | 1 | @a单片机实用教程@ADan Pian Ji Shi Yong Jiao Cheng@f李勋编著@Fli xun bian zhu |
| 210 | @a北京@c北京航空学院出版社@d2000.06 | |
| 215 | @a192页@d26cm | |
| 606 | 0 | @a微型计算机 |
| 690 | 1 | @aTP368.1@v4 |
| 701 | 0 | @a李勋@Ali xun@4编著 |
| 801 | 0 | @aCN@bPFT@c20040512 |
| 905 | @dTP368.1@eL3053 | |
| 单片机实用教程/李勋编著.-北京:北京航空学院出版社,2000.06 |
| 192页;26cm |
| ISBN 7-81012-983-X:CNY 17.50 |
| ● |
| 相关链接 |
|
|
|
正题名:单片机实用教程
索取号:TP368.1/L3053
 
预约/预借
| 序号 | 登录号 | 条形码 | 馆藏地/架位号 | 状态 | 备注 |
| 1 | 384196 | 203841968 | 自科库301/301自科库 88排2列1层/ [索取号:TP368.1/L3053] | 在馆 | |
| 2 | 384197 | 203841977 | 自科库301/301自科库 62排7列4层/ [索取号:TP368.1/L3053] | 在馆 | |
| 3 | 384198 | 203841986 | 自科库301/301自科库 62排7列4层/ [索取号:TP368.1/L3053] | 在馆 |